00332nam a22000977a 4500008004100000082001500041100004300056245006900099260005800168300000800226230621b xxu||||| |||| 00| 0 eng d a328.4bCPA cCommonwealth Parliamentary Association aSummary of proceedings at the Forty-second Parliamentary seminar aEnglandbCommonwealth Parliamentary Associationc1993 a31p